| 000 | 00684nam a2200217 a 4500 | ||
|---|---|---|---|
| 005 | 20230331063614.0 | ||
| 008 | 030324s2001 es r 000 0 spa d | ||
| 020 | _a8489042292 | ||
| 035 | _aUPN01000123182 | ||
| 049 | _aCG | ||
| 050 | 4 |
_aLB2332.34 E8 _bG5.3 |
|
| 100 | 1 | _aGil Saenz-Hermúa, Paloma | |
| 245 | 1 | 0 |
_aErase una vez un lamento persistente : _breflexiones de una maestra en prácticas / _cPaloma Gil Saenz-Hermúa. |
| 260 |
_aSevilla, Esp. : _c2001. _bM.C.E.P., |
||
| 300 | _a62 p. | ||
| 440 | 0 |
_aCon voz propia ; _v2 |
|
| 650 | 4 |
_aMAESTRAS - _zESPAÑA - _vESTUDIO DE CASOS _9802 |
|
| 650 | 4 |
_aPrácticas de la enseñanza _92849 |
|
| 905 | _aLibro | ||
| 999 |
_c95363 _d95363 |
||